000 00421nam a22001697a 4500
999 _c6937
_d6935
005 20210904120416.0
008 200608b xxu||||| |||| 00| 0 eng d
020 _a978-81-9447-153-0
041 _aeng
100 _aGAUR, K.D.
_95875
245 _aTEXTBOOK ON INDIAN PENAL CODE
250 _a7TH, ED., 2020
260 _aHARYANA
_bUNIVERSAL LEXIS NEXIS
300 _a1446;ixxvi.p
650 _aLAW
_95701
942 _cBK